Legal special: the OFT and us (Record no. 80224)

MARC details
000 -LEADER
fixed length control field 00982cab a22002535a 4500
001 - CONTROL NUMBER
control field L143572
008 - FIXED-LENGTH DATA ELEMENTS--GENERAL INFORMATION
fixed length control field 080520e20080516xxkad f 000 0 eng d
035 ## - SYSTEM CONTROL NUMBER
System control number (Sirsi) u143572
041 0# - LANGUAGE CODE
Language code of text/sound track or separate title eng
100 1# - MAIN ENTRY--PERSONAL NAME
Personal name Jones, Mark
245 00 - TITLE STATEMENT
Title Legal special: the OFT and us
260 ## - PUBLICATION, DISTRIBUTION, ETC.
Date of publication, distribution, etc. 2008
490 #0 - SERIES STATEMENT
Series statement Building
Volume/sequential designation 274(8529), 16 May 2008, 62-65(4)
520 ## - SUMMARY, ETC.
Summary, etc. Analyses the background to the OFT's investigation into bid rigging or contract rigging in the building and construction sector. Discusses what should happen to the 112 firms accused by the OFT of cover pricing and whether or not the OFT has mixed up cover pricing with bid rigging. Considers how the OFT's statement of objections will affect the 112 companies.
590 ## - LOCAL NOTE (RLIN)
Local note KA
650 24 - SUBJECT ADDED ENTRY--TOPICAL TERM
Topical term or geographic name entry element COMPETITIONS ACT 1998
650 24 - SUBJECT ADDED ENTRY--TOPICAL TERM
Topical term or geographic name entry element ENERPRISE ACT 2002
651 #4 - SUBJECT ADDED ENTRY--GEOGRAPHIC NAME
Geographic name United Kingdom
Chronological subdivision
690 ## - LOCAL SUBJECT ADDED ENTRY--TOPICAL TERM (OCLC, RLIN)
Topical term or geographic name as entry element Procurement
9 (RLIN) 6260
700 1# - ADDED ENTRY--PERSONAL NAME
Personal name Klein, Rudi
700 1# - ADDED ENTRY--PERSONAL NAME
Personal name Bingham, Tony
700 1# - ADDED ENTRY--PERSONAL NAME
Personal name Adkins, Bernadine
942 ## - ADDED ENTRY ELEMENTS (KOHA)
Suppress in OPAC 0
Holdings
Withdrawn status Lost status Source of classification or shelving scheme Damaged status Not for loan Home library Current library Shelving location Date acquired Total Checkouts Full call number Barcode Date last seen Copy number Price effective from Koha item type
    Dewey Decimal Classification     London London Journal article 20/05/2008   L143572 143572-1001 06/08/2019 1 06/08/2019 Journal article